[Event "Salerno op"]
[Site "Salerno "]
[Date "2012.01.28"]
[Round "3"]
[White "Colucci, Stefano"]
[Black "Bianco, Raffaele"]
[Result "0-1"]
[WhiteElo "1895"]
[BlackElo "2068"]
[PlyCount "80"]
[EventDate "2012.01.27"]
[EventType "swiss"]
[EventRounds "6"]
[EventCountry "ITA"]
[SourceTitle "EXT 2014"]
[Source "ChessBase"]
[SourceDate "2013.11.20"]
[SourceVersion "1"]
[SourceVersionDate "2013.11.20"]
[SourceQuality "1"]

1. e4 e5 2. Nf3 Nc6 3. Bb5 a6 4. Ba4 Nf6 5. 0-0 b5 6. Bb3 Be7 7. Re1 d6 8. h3 Na5 9. c3 Nxb3 10. axb3 0-0 11. b4 Bb7 12. d3 Re8 13. Nbd2 Bf8 14. Nb3 h6 15. Be3 Qd7 16. Nh4 Rad8 17. Na5 Ba8 18. Nb3 Qc8 19. Qf3 Re6 20. Nf5 Kh7 21. g4 g6 22. Ng3 Bg7 23. Kh2 Ng8 24. Rg1 Rf8 25. Qe2 Bf6 26. Nd2 Bg5 27. Nf3 Bf4 28. Kh1 Bxg3 29. Rxg3 f5 30. gxf5 gxf5 31. Rag1 fxe4 32. Rg7+ Kh8 33. dxe4 Bxe4 34. R7g3 Ref6 35. Kh2 Rxf3 36. Qd2 Qf5 37. Rg4 Nf6 38. Rh4 Nh5 39. Bd4 Rxf2+ 40. Bxf2 Qxf2+ 0-1

[Event "ITA-chTB 43rd"]
[Site "Sant'Anastasia"]
[Date "2011.03.25"]
[Round "1"]
[White "Bianco, Raffaele"]
[Black "Sabia, Corrado"]
[Result "1/2-1/2"]
[WhiteElo "2080"]
[BlackElo "2192"]
[PlyCount "65"]
[EventDate "2011.03.25"]
[EventType "swiss"]
[EventRounds "7"]
[EventCountry "ITA"]
[SourceTitle "EXT 2014"]
[Source "ChessBase"]
[SourceDate "2013.11.20"]
[SourceVersion "1"]
[SourceVersionDate "2013.11.20"]
[SourceQuality "1"]

1. e4 e5 2. Nf3 Nc6 3. Bb5 Nd4 4. Nxd4 exd4 5. d3 c6 6. Bc4 Nf6 7. Bg5 h6 8. Bh4 d6 9. 0-0 g5 10. Bg3 Ng4 11. Nd2 h5 12. Qf3 Qe7 13. h3 Ne5 14. Qe2 h4 15. Bxe5 dxe5 16. c3 g4 17. hxg4 Rg8 18. f3 Bh6 19. cxd4 exd4 20. Rfe1 Be3+ 21. Kh1 Rh8 22. Nb3 Bf4 23. e5 Bg3 24. Qe4 Bxe1 25. Rxe1 c5 26. Nd2 Be6 27. Bb5+ Kf8 28. Bc4 Qg5 29. Bxe6 Qxd2 30. Re2 Qc1+ 31. Re1 Qd2 32. Re2 Qc1+ 33. Re1 1/2-1/2

[Event "Bratto op 26th"]
[Site "Bratto"]
[Date "2006.08.27"]
[Round "9"]
[White "Bianco, Raffaele"]
[Black "D'Apa, Matteo"]
[Result "1/2-1/2"]
[WhiteElo "2069"]
[BlackElo "2020"]
[PlyCount "93"]
[EventDate "2006.08.19"]
[EventType "swiss"]
[EventRounds "9"]
[EventCountry "ITA"]
[SourceTitle "CBM 113 Extra"]
[Source "ChessBase"]
[SourceDate "2006.09.14"]
[SourceVersion "1"]
[SourceVersionDate "2006.09.14"]
[SourceQuality "1"]

1. e4 e5 2. Nf3 Nc6 3. Bb5 a6 4. Ba4 d6 5. 0-0 Bd7 6. c3 Nge7 7. d4 g6 8. Be3 Bg7 9. dxe5 dxe5 10. Qc1 0-0 11. Bh6 f5 12. Bb3+ Kh8 13. Rd1 Qe8 14. Na3 b5 15. Bxg7+ Kxg7 16. Ng5 Rf6 17. f4 exf4 18. Qxf4 fxe4 19. Qh4 h6 20. Nxe4 Rf8 21. Nc5 Nf5 22. Qf4 Nd6 23. Qg3 Rf5 24. Re1 Rxc5 25. Rxe8 Rxe8 26. Re1 Rg5 27. Qf2 Rf8 28. Qe3 Nf5 29. Qd2 Nd6 30. Nc2 Bh3 31. Bd5 Nc4 32. Qxg5 hxg5 33. gxh3 N4e5 34. Nd4 Nxd4 35. Rxe5 Nf3+ 36. Bxf3 Rxf3 37. Rxg5 Rd3 38. Rg2 c5 39. Re2 Kf6 40. Kg2 a5 41. Rf2+ Ke6 42. Rf3 Rd2+ 43. Rf2 Rd3 44. h4 a4 45. Rf3 Rd2+ 46. Rf2 Rd3 47. Rf3 1/2-1/2

[Event "Bratto op 26th"]
[Site "Bratto"]
[Date "2006.08.26"]
[Round "8"]
[White "Napoli, Nicolo"]
[Black "Bianco, Raffaele"]
[Result "1-0"]
[WhiteElo "2216"]
[BlackElo "2069"]
[PlyCount "99"]
[EventDate "2006.08.19"]
[EventType "swiss"]
[EventRounds "9"]
[EventCountry "ITA"]
[SourceTitle "CBM 113 Extra"]
[Source "ChessBase"]
[SourceDate "2006.09.14"]
[SourceVersion "1"]
[SourceVersionDate "2006.09.14"]
[SourceQuality "1"]

1. d4 Nf6 2. Nc3 d5 3. Bg5 Bf5 4. Bxf6 gxf6 5. g3 c5 6. Bg2 e6 7. dxc5 Bg6 8. b4 a5 9. a3 b6 10. e4 bxc5 11. exd5 cxb4 12. Nb5 Ra6 13. axb4 Bxb4+ 14. c3 Bc5 15. Nh3 Qb6 16. Qe2 0-0 17. 0-0 Nd7 18. Rfd1 e5 19. Kh1 Rb8 20. c4 f5 21. Ra2 e4 22. Nf4 Nf6 23. h4 Ng4 24. Rf1 h5 25. f3 Ne3 26. Re1 exf3 27. Bxf3 Nxc4 28. Qxc4 Qxb5 29. Qxb5 Rxb5 30. Be2 Rbb6 31. Bxa6 Rxa6 32. Rc1 Bb4 33. Rc6 Ra8 34. Nxg6 fxg6 35. Rxg6+ Kf7 36. Rg5 Kf6 37. Rf2 a4 38. Rxh5 a3 39. Rhxf5+ Kg6 40. Rf6+ Kg7 41. Rf7+ Kg8 42. Rb7 Bd6 43. Rb1 Ra5 44. Rd1 Kh7 45. Kg2 Rb5 46. Rd3 Ra5 47. Ra2 Kh6 48. Kh3 Kg6 49. Re3 Rxd5 50. Raxa3 1-0

[Event "Bratto op 26th"]
[Site "Bratto"]
[Date "2006.08.24"]
[Round "6"]
[White "Ranfagni, Stefano"]
[Black "Bianco, Raffaele"]
[Result "0-1"]
[WhiteElo "2016"]
[BlackElo "2069"]
[PlyCount "112"]
[EventDate "2006.08.19"]
[EventType "swiss"]
[EventRounds "9"]
[EventCountry "ITA"]
[SourceTitle "CBM 113 Extra"]
[Source "ChessBase"]
[SourceDate "2006.09.14"]
[SourceVersion "1"]
[SourceVersionDate "2006.09.14"]
[SourceQuality "1"]

1. e4 e5 2. Nf3 Nc6 3. d4 exd4 4. Nxd4 Qf6 5. Nb5 Bc5 6. Qe2 Kd8 7. h4 Nge7 8. N1c3 h6 9. Be3 Bxe3 10. Qxe3 a6 11. Na3 b5 12. Naxb5 axb5 13. Bxb5 Ba6 14. Ba4 Qd4 15. Qxd4 Nxd4 16. 0-0-0 Ndc6 17. b4 Bb7 18. b5 Na5 19. e5 Nc8 20. Rd4 Ke7 21. Rhd1 Nb6 22. f4 g6 23. g4 Bf3 24. Rg1 h5 25. g5 Bg4 26. Bb3 Nxb3+ 27. cxb3 Be6 28. Kb2 Rhb8 29. a4 c5 30. bxc6 dxc6 31. Ka3 c5 32. Rd2 c4 33. b4 Nxa4 34. Nxa4 Bd7 35. Rxd7+ Kxd7 36. Rd1+ Ke6 37. Rd4 Rd8 38. Rxd8 Rxd8 39. Nc5+ Kd5 40. Kb2 Kc6 41. Kc3 Kb5 42. e6 fxe6 43. Nxe6 Rd3+ 44. Kc2 Kxb4 45. f5 gxf5 46. g6 Rg3 47. Ng5 Rg2+ 48. Kd1 c3 49. g7 c2+ 50. Kc1 Kc3 51. Ne4+ Kd3 52. Nc5+ Kc4 53. Ne6 Kc3 54. g8Q Rxg8 55. Ng5 Rxg5 56. hxg5 h4 0-1

[Event "Bratto op 26th"]
[Site "Bratto"]
[Date "2006.08.21"]
[Round "3"]
[White "Bianco, Raffaele"]
[Black "Sbarra, Marco"]
[Result "0-1"]
[WhiteElo "2069"]
[BlackElo "2290"]
[PlyCount "98"]
[EventDate "2006.08.19"]
[EventType "swiss"]
[EventRounds "9"]
[EventCountry "ITA"]
[SourceTitle "CBM 113 Extra"]
[Source "ChessBase"]
[SourceDate "2006.09.14"]
[SourceVersion "1"]
[SourceVersionDate "2006.09.14"]
[SourceQuality "1"]

1. e4 e5 2. Nf3 Nc6 3. Bb5 a6 4. Ba4 Nf6 5. 0-0 b5 6. Bb3 Bc5 7. c3 d6 8. a4 Bb7 9. d4 Bb6 10. Bg5 h6 11. Bxf6 Qxf6 12. d5 Ne7 13. Na3 0-0 14. Qd3 Ng6 15. Nd2 Nf4 16. Qf3 Bc8 17. Kh1 Qg6 18. Qg3 Qxg3 19. hxg3 Nd3 20. f3 Be3 21. Nab1 Bd7 22. Ra2 bxa4 23. Bc2 Bb5 24. Bxa4 Bxa4 25. Rxa4 Nxb2 26. Ra2 Rfb8 27. f4 f6 28. Rf3 Bc5 29. Na3 Rb7 30. Kh2 Bxa3 31. Rxa3 a5 32. Kh3 a4 33. Rf1 Nd3 34. Rfa1 Nc5 35. Kg4 Rb2 36. R1a2 Rab8 37. Kf3 g6 38. Ke3 Kg7 39. Kf3 h5 40. g4 exf4 41. Kxf4 h4 42. Ke3 Kh6 43. Kf4 Rxa2 44. Rxa2 Rb2 45. Rxb2 Nd3+ 46. Kf3 Nxb2 47. c4 a3 48. c5 a2 49. Nb3 Kg5 0-1

[Event "Bratto op 26th"]
[Site "Bratto"]
[Date "2006.08.20"]
[Round "2"]
[White "Pesce, Gabriele"]
[Black "Bianco, Raffaele"]
[Result "0-1"]
[WhiteElo "2006"]
[BlackElo "2069"]
[PlyCount "44"]
[EventDate "2006.08.19"]
[EventType "swiss"]
[EventRounds "9"]
[EventCountry "ITA"]
[SourceTitle "CBM 113 Extra"]
[Source "ChessBase"]
[SourceDate "2006.09.14"]
[SourceVersion "1"]
[SourceVersionDate "2006.09.14"]
[SourceQuality "1"]

1. e4 e5 2. Nf3 Nc6 3. d4 exd4 4. Nxd4 Qf6 5. Nxc6 dxc6 6. Bd3 Bc5 7. 0-0 Ne7 8. Qh5 Bb6 9. Kh1 Qg6 10. Qe5 Bd7 11. Na3 f6 12. Qc3 a6 13. Nc4 Ba7 14. Bf4 0-0-0 15. Qa5 Bb8 16. Ne3 h5 17. Qxa6 Qxe4 18. Qxb7+ Kxb7 19. Bxe4 g5 20. Bxg5 fxg5 21. a4 Ba7 22. Nc4 Be6 0-1

[Event "ITA-ch sf g/5' 1st"]
[Site "Playchess.com INT"]
[Date "2006.02.25"]
[Round "7"]
[White "Caselli, Luigi"]
[Black "Bianco, Raffaele"]
[Result "1/2-1/2"]
[WhiteElo "2286"]
[BlackElo "2069"]
[PlyCount "117"]
[EventDate "2006.02.25"]
[EventType "swiss (blitz)"]
[EventRounds "11"]
[EventCountry "ITA"]
[SourceTitle "CBM 111 Extra"]
[Source "ChessBase"]
[SourceDate "2006.05.09"]
[SourceVersion "1"]
[SourceVersionDate "2006.05.09"]
[SourceQuality "1"]

1. d4 g6 2. e4 d6 3. Nc3 Bg7 4. Be3 c6 5. a4 a5 6. Nf3 Nd7 7. Be2 e5 8. dxe5 dxe5 9. 0-0 Ngf6 10. h3 0-0 11. Qd2 Re8 12. Rfd1 Qc7 13. Bc4 Nb6 14. Bxb6 Qxb6 15. Ng5 Be6 16. Nxe6 fxe6 17. Bb3 Rad8 18. Qg5 Qc7 19. Rd2 Rxd2 20. Qxd2 Kf7 21. Rd1 Re7 22. Qd6 Ne8 23. Qxc7 Nxc7 24. Rd8 Re8 25. Rd7+ Re7 26. Rd3 Na6 27. Rd1 Nc5 28. Bc4 Rd7 29. Rxd7+ Nxd7 30. f3 Bh6 31. Kf2 Nb6 32. Bd3 Bd2 33. Nd1 Nxa4 34. Ke2 Bc1 35. b3 Nc5 36. Nc3 Bb2 37. Na4 Bd4 38. Nxc5 Bxc5 39. c4 Ke7 40. g3 Kd6 41. f4 exf4 42. gxf4 Bd4 43. Kd2 Kc5 44. Kc2 b5 45. cxb5 cxb5 46. Be2 a4 47. bxa4 bxa4 48. Bg4 Kd6 49. h4 Be3 50. f5 exf5 51. exf5 gxf5 52. Bxf5 h5 53. Bg6 Bf2 54. Bxh5 Bxh4 55. Be2 a3 56. Kb3 Be7 57. Kxa3 Ke5+ 58. Kb3 Ke4 59. Kc2 1/2-1/2

[Event "ITA-ch sf g/5' 1st"]
[Site "Playchess.com INT"]
[Date "2006.02.25"]
[Round "2"]
[White "Corso, Roberto"]
[Black "Bianco, Raffaele"]
[Result "1-0"]
[WhiteElo "2101"]
[BlackElo "2069"]
[PlyCount "85"]
[EventDate "2006.02.25"]
[EventType "swiss (blitz)"]
[EventRounds "11"]
[EventCountry "ITA"]
[SourceTitle "CBM 111 Extra"]
[Source "ChessBase"]
[SourceDate "2006.05.09"]
[SourceVersion "1"]
[SourceVersionDate "2006.05.09"]
[SourceQuality "1"]

1. d4 Nf6 2. c4 g6 3. Nc3 Bg7 4. e4 d6 5. f3 Nc6 6. Be3 a6 7. Qd2 0-0 8. Nge2 Rb8 9. g4 e5 10. d5 Ne7 11. Ng3 b5 12. cxb5 axb5 13. Bxb5 Nd7 14. h4 Nb6 15. h5 Bd7 16. Be2 c6 17. Bh6 cxd5 18. Bxg7 Kxg7 19. hxg6 Nxg6 20. Qh6+ Kf6 21. Qxh7 Rh8 22. Nh5+ Ke7 23. Qg7 d4 24. Nd5+ Nxd5 25. exd5 Qa5+ 26. Kf2 Rxb2 27. Qf6+ Kf8 28. Qxd6+ Kg8 29. Nf6+ Kg7 30. Rxh8 Rxe2+ 31. Kg3 Rg2+ 32. Kxg2 Qd2+ 33. Kg3 Qf4+ 34. Kg2 Qd2+ 35. Kh3 Nxh8 36. Nh5+ Kg8 37. Qb8+ Kh7 38. Qxe5 Qh6 39. Rh1 Qxh5+ 40. Kg2 Qxh1+ 41. Kxh1 d3 42. Qe4+ Ng6 43. Qxd3 1-0

[Event "Napoli Parthenope op 1st"]
[Site "Napoli"]
[Date "2005.05.14"]
[Round "4"]
[White "Bianco, Raffaele"]
[Black "Cerrato, Roberto"]
[Result "1-0"]
[WhiteElo "2092"]
[BlackElo "1813"]
[PlyCount "65"]
[EventDate "2005.05.13"]
[EventType "swiss"]
[EventRounds "6"]
[EventCountry "ITA"]
[SourceTitle "EXT 2007"]
[Source "ChessBase"]
[SourceDate "2006.11.23"]
[SourceVersion "1"]
[SourceVersionDate "2006.11.23"]
[SourceQuality "1"]

1. Nf3 e6 2. c4 Nf6 3. g3 Be7 4. Bg2 0-0 5. 0-0 c5 6. Nc3 d5 7. d3 Nc6 8. e4 dxe4 9. dxe4 Qc7 10. Qe2 a6 11. Rd1 Rd8 12. e5 Rxd1+ 13. Nxd1 Nd7 14. Bf4 b6 15. Nc3 Bb7 16. Nd5 Qd8 17. Rd1 exd5 18. cxd5 Nd4 19. Nxd4 cxd4 20. d6 Bxg2 21. dxe7 Qxe7 22. Kxg2 g5 23. Rxd4 gxf4 24. Qg4+ Kh8 25. Qxd7 f3+ 26. Kxf3 Qxe5 27. Qd5 Qf6+ 28. Rf4 Qd8 29. Qe5+ f6 30. Rxf6 Kg8 31. Rf5 Ra7 32. Rg5+ Kf7 33. Rg7+ 1-0

[Event "Napoli Parthenope op 1st"]
[Site "Napoli"]
[Date "2005.05.14"]
[Round "3"]
[White "Fumo, Guglielmo"]
[Black "Bianco, Raffaele"]
[Result "0-1"]
[WhiteElo "1937"]
[BlackElo "2092"]
[PlyCount "58"]
[EventDate "2005.05.13"]
[EventType "swiss"]
[EventRounds "6"]
[EventCountry "ITA"]
[SourceTitle "EXT 2007"]
[Source "ChessBase"]
[SourceDate "2006.11.23"]
[SourceVersion "1"]
[SourceVersionDate "2006.11.23"]
[SourceQuality "1"]

1. e4 d6 2. d4 Nf6 3. Nc3 g6 4. Bg5 Bg7 5. Qd2 c6 6. Bh6 Bxh6 7. Qxh6 Qb6 8. 0-0-0 Nbd7 9. f4 Ng4 10. Qg7 Rf8 11. Nh3 Ndf6 12. Ng5 h6 13. h3 Nf2 14. Bc4 hxg5 15. fxg5 Nh5 16. Bxf7+ Rxf7 17. Qg8+ Rf8 18. Qxg6+ Kd7 19. Qxh5 Nxh1 20. g6 Kc7 21. g7 Rg8 22. Qf7 Bd7 23. e5 Nf2 24. Rd2 dxe5 25. dxe5 Qe3 26. Qxe7 Rad8 27. e6 Qxe6 28. Qc5 Qe1+ 29. Nd1 Qxd2+ 0-1

[Event "Napoli Parthenope op 1st"]
[Site "Napoli"]
[Date "2005.05.13"]
[Round "2"]
[White "Bianco, Raffaele"]
[Black "Djuric, Stefan"]
[Result "0-1"]
[WhiteElo "2092"]
[BlackElo "2459"]
[PlyCount "59"]
[EventDate "2005.05.13"]
[EventType "swiss"]
[EventRounds "6"]
[EventCountry "ITA"]
[SourceTitle "EXT 2007"]
[Source "ChessBase"]
[SourceDate "2006.11.23"]
[SourceVersion "1"]
[SourceVersionDate "2006.11.23"]
[SourceQuality "1"]

1. e4 Nf6 2. e5 Nd5 3. d4 d6 4. exd6 cxd6 5. c4 Nb6 6. Bd3 Nc6 7. Be3 e5 8. Ne2 Qh4 9. d5 Nb4 10. Na3 Be7 11. 0-0 0-0 12. f4 Nxd3 13. Qxd3 Nd7 14. Ng3 Nf6 15. Rf3 Ng4 16. h3 Nxe3 17. Qxe3 exf4 18. Qxf4 Qxf4 19. Rxf4 a6 20. Re1 Bg5 21. Rfe4 Bd7 22. Nc2 Rac8 23. b3 f5 24. Rd4 b5 25. Re2 Bf6 26. Rf4 Be8 27. Rf3 bxc4 28. bxc4 Rxc4 29. Nf1 f4 30. Ref2 0-1

[Event "Bratto op 24th"]
[Site "Bratto"]
[Date "2004.08.22"]
[Round "3"]
[White "Nieus, Thierry"]
[Black "Bianco, Raffaele"]
[Result "1/2-1/2"]
[WhiteElo "2221"]
[BlackElo "2097"]
[PlyCount "27"]
[EventDate "2004.08.20"]
[EventType "swiss"]
[EventRounds "9"]
[EventCountry "ITA"]
[SourceTitle "CBM 101 Extra"]
[Source "ChessBase"]
[SourceDate "2004.09.01"]
[SourceVersion "2"]
[SourceVersionDate "2004.09.01"]
[SourceQuality "1"]

1. e4 e5 2. Nf3 Nc6 3. Be2 Nf6 4. d4 d6 5. Nc3 exd4 6. Nxd4 Be7 7. 0-0 0-0 8. f4 Re8 9. Nxc6 bxc6 10. Bd3 d5 11. e5 Ng4 12. Qe1 Bc5+ 13. Kh1 f6 14. Qh4 1/2-1/2

[Event "ITA-ch U20 24th"]
[Site "Bratto"]
[Date "2001.08.29"]
[Round "8"]
[White "Bianco, Raffaele"]
[Black "Pulito, Alberto"]
[Result "1-0"]
[WhiteElo "1600"]
[BlackElo "2050"]
[PlyCount "85"]
[EventDate "2001.08.22"]
[EventType "swiss"]
[EventRounds "9"]
[EventCountry "ITA"]
[SourceTitle "EXT 2007"]
[Source "ChessBase"]
[SourceDate "2006.11.23"]
[SourceVersion "1"]
[SourceVersionDate "2006.11.23"]
[SourceQuality "1"]

1. e4 e6 2. d3 d5 3. Be2 Nf6 4. Nd2 c5 5. f4 Qc7 6. e5 Nfd7 7. c3 Nc6 8. Ngf3 Be7 9. d4 b6 10. 0-0 Bb7 11. Bd3 0-0-0 12. a4 Rdg8 13. Bb5 a6 14. Be2 f6 15. Nb3 h6 16. Be3 c4 17. Nbd2 g5 18. exf6 Bxf6 19. fxg5 hxg5 20. g3 e5 21. dxe5 Bxe5 22. Nxe5 Qxe5 23. Bf2 Kb8 24. Nf3 Qf5 25. Bd4 Nxd4 26. Nxd4 Qh3 27. Rf2 Ne5 28. Qd2 Ng4 29. Bxg4 Qxg4 30. Re1 Rf8 31. Ref1 Rxf2 32. Rxf2 Re8 33. Re2 Rf8 34. Qe3 Qh3 35. Rf2 Rxf2 36. Qxf2 Qg4 37. Qe2 Qe4 38. Qxe4 dxe4 39. Kf2 g4 40. Ke3 Kc7 41. Nf5 Kd7 42. Nh6 Ke6 43. Nxg4 1-0

[Event "ITA-ch U20 24th"]
[Site "Bratto"]
[Date "2001.08.22"]
[Round "1"]
[White "Capone, Vincenzo"]
[Black "Bianco, Raffaele"]
[Result "0-1"]
[WhiteElo "2154"]
[BlackElo "1600"]
[PlyCount "78"]
[EventDate "2001.08.22"]
[EventType "swiss"]
[EventRounds "9"]
[EventCountry "ITA"]
[SourceTitle "EXT 2007"]
[Source "ChessBase"]
[SourceDate "2006.11.23"]
[SourceVersion "1"]
[SourceVersionDate "2006.11.23"]
[SourceQuality "1"]

1. e4 e5 2. Nf3 Nc6 3. Bb5 a6 4. Ba4 Nf6 5. 0-0 b5 6. Bb3 Be7 7. Re1 d6 8. c3 0-0 9. h3 Bb7 10. d3 Re8 11. Nbd2 Bf8 12. Ng5 Re7 13. Nf1 h6 14. Nf3 Na5 15. Bc2 c5 16. Ne3 g6 17. Ng4 Nxg4 18. hxg4 Nc6 19. Be3 Bg7 20. Qd2 Kh7 21. g3 Rc7 22. Kg2 g5 23. Rh1 Kg8 24. Qe2 Ne7 25. d4 cxd4 26. cxd4 Qc8 27. Bb3 Bxe4 28. Bxg5 Qxg4 29. Bxe7 Rxe7 30. Rh4 Bxf3+ 31. Qxf3 Qxf3+ 32. Kxf3 exd4 33. Re4 Rxe4 34. Kxe4 Re8+ 35. Kd3 Re5 36. Rc1 Rc5 37. Re1 Kf8 38. a3 Rf5 39. Re2 Rf3+ 0-1